Normal view
MARC view
Entry Personal Name
001 - CONTROL NUMBER
- control field: 13540
003 - CONTROL NUMBER IDENTIFIER
- control field: HDC
005 - DATE AND TIME OF LATEST TRANSACTION
- control field: 20230624073417.0
008 - FIXED-LENGTH DATA ELEMENTS
- fixed length control field: 210210|| aca||aabn | a|a d
040 ## - CATALOGING SOURCE
- Original cataloging agency: HDC
- Transcribing agency: HDC
100 ## - HEADING--PERSONAL NAME
- Personal name: Napompeth, Banpot
670 ## - SOURCE DATA FOUND
- Source citation: Work cat.: (HDC): Napompeth, Banpot author, Integrated Management of Paddy and Aquatic Weeds in Asia. Biological Control of Paddy and Aquatic Weeds in Thailand / by, 1994
